| 000 | 00434nam a2200133Ia 4500 | ||
|---|---|---|---|
| 008 | 191014s9999 xx 000 0 und d | ||
| 020 | _a978-981-4612-20-3 | ||
| 082 |
_a530.11 _bJAN |
||
| 100 |
_aRobert T.Jantzen, Kjell Rosquist _923955 |
||
| 245 | 0 | _aProceedings of the Thirteenth Marcel Grossmann Meeting on General Relativity (Part C) | |
| 260 |
_aNew Jersey _bWorld Scientific Company _c2015 |
||
| 300 | _aLxi,2618 | ||
| 942 | _cBK | ||
| 999 |
_c531104 _d531104 |
||